000 00701cam a22002292 4500
001 0000004896
005 20151217151944.0
008 070531s xx 000 0 eng d
020 _a0767425588 :
_cKES 500
040 _aKABU
_cKABU
050 0 _aRA776
_b.C671 2002
245 1 0 _aCore concepts in health /
_ceditors, Paul M. Insel, Walton T. Roth.
250 _aBrief 9th ed.
260 _aBoston :
_bMcGraw-Hill,
_c2002.
300 _axxiv, 420,[68] p.
650 0 _aHealth
_vHandbooks, manual e.t.c.
_@0000155820
700 1 _aInsel, Paul.
_@0000155821
700 1 _aRoth, Walton T.
_@0000150228
908 _a070531
950 _@1
999 _c6711
_d6711